00801nam a2200229 4500003000400000005001700004008004100021040001800062050002200080100002700102245011200129264005400241300003500295336002200330337002400352338002400376650005300400650003600453700005300489942001200542999001700554OSt20260530113852.0260504b2006 nyua|||| |||| 00| 0 eng d aICIbspacICI aTA403.6bT73 20101 aBlaine Brownell93133200aTransmaterial :ba catalog of materials that redefine our physical environment /cedited by Blaine Brownell 1aNew York :bPrinceton Architectural Press,cc2006 a237 páginas :bilustraciones atexto2rdacontent asin medio2rdamedia avolumen2rdacarrier 0aMateriales x Innovaciones tecnológicas931333 0aMateriales vCatálogos931334 1aBrownell, Blaine Erickson,d1970-eeditor931335 2ddccBK c11489d11489